High-speed devices and circuits with THz applications (Record no. 83451)

MARC details
000 -LEADER
fixed length control field 00857 a2200277 4500
003 - CONTROL NUMBER IDENTIFIER
control field CBULib
005 - DATE AND TIME OF LATEST TRANSACTION
control field 20231215123628.0
008 - FIXED-LENGTH DATA ELEMENTS--GENERAL INFORMATION
fixed length control field 231215b |||||||| |||| 00| 0 eng d
020 ## - INTERNATIONAL STANDARD BOOK NUMBER
International Standard Book Number 9781466590113
040 ## - CATALOGING SOURCE
Language of cataloging English
Transcribing agency CBULib
Description conventions rda
041 ## - LANGUAGE CODE
Language code of text/sound track or separate title eng
050 ## - LIBRARY OF CONGRESS CALL NUMBER
Classification number TK 7877 Cho
100 1# - MAIN ENTRY--PERSONAL NAME
Personal name Choi, Jung Han
9 (RLIN) 1413
245 ## - TITLE STATEMENT
Title High-speed devices and circuits with THz applications
Statement of responsibility, etc / by Jung Han Choi
260 ## - PUBLICATION, DISTRIBUTION, ETC. (IMPRINT)
Name of publisher, distributor, etc CRC Press,
Date of publication, distribution, etc 2015.
Place of publication, distribution, etc Boca Raton :
300 ## - PHYSICAL DESCRIPTION
Extent xv, 245 pages : illustrations
336 ## - CONTENT TYPE
Source rdacontent
Content type term Text |
Content type code txt
337 ## - MEDIA TYPE
Source rdamedia
Media type term Unmediated |
Media type code n
338 ## - CARRIER TYPE
Source rdacarrier
Carrier type term Volume
Carrier type code nc
504 ## - BIBLIOGRAPHY, ETC. NOTE
Bibliography, etc Includes an index
650 #0 - SUBJECT ADDED ENTRY--TOPICAL TERM
9 (RLIN) 1414
Topical term or geographic name as entry element ELECTRONIC CIRCUITS
650 #0 - SUBJECT ADDED ENTRY--TOPICAL TERM
9 (RLIN) 1415
Topical term or geographic name as entry element VERY HIGH SPEED INTEGRATED CIRCUITS
650 #0 - SUBJECT ADDED ENTRY--TOPICAL TERM
9 (RLIN) 1416
Topical term or geographic name as entry element TERAHERTZ TECHNOLOGY
650 #0 - SUBJECT ADDED ENTRY--TOPICAL TERM
9 (RLIN) 1414
Topical term or geographic name as entry element ELECTRONIC CIRCUITS
942 ## - ADDED ENTRY ELEMENTS (KOHA)
Source of classification or shelving scheme
Koha item type MONOGRAPH
Holdings
Withdrawn status Lost status Source of classification or shelving scheme Damaged status Not for loan Collection code Permanent Location Current Location Shelving location Date acquired Source of acquisition Cost, normal purchase price Total Checkouts Full call number Barcode Date last seen Copy number Price effective from Koha item type
          Main Library Open Access Collection CBU-MAIN LIBRARY, KITWE. CBU-MAIN LIBRARY, KITWE. General Stacks 12/15/2023 Book Aid International 258.99   TK 7877 Cho 752586 12/15/2023 1 12/15/2023 MONOGRAPH